Personnages de Severance par images - Statistiques

Statistiques générales
  • Ce quiz a été pris 40 fois
  • Le résultat moyen est 7 sur 16
Statistiques - réponses
Par images Réponse % Correct
Mark Scout
97%
Helly R / Helena Eagan
86%
Seth Milchick
69%
Irving Bailiff
67%
Dylan George
64%
Mme Casey / Gemma Scout
58%
Harmony Cobel / Mme Selvig
50%
Burt Goodman
39%
Jame Eagan
36%
Devon Hale
31%
Eustice Huang
22%
Natalie Kalen
22%
Ricken Hale
19%
Doug Graner
17%
Gretchen George
11%
Dr Mauer
6%
Aucun quiz correspondant
Distribution des résultats
% des personnes avec chaque résultat
Percentile par nombre de réponses
Votre historique - résultats
Vous n’avez pas pris ce quiz